Guess the Big 10 School From the Basketball Arena - Statistics

General Stats
  • This quiz has been taken 46 times
  • The average score is 17 of 18
Answer Stats
Picture Answer % Correct
Oregon
100%
Maryland
97%
Rutgers
97%
USC
97%
Illinois
95%
Iowa
95%
Michigan
95%
Michigan State
95%
Northwestern
95%
Penn State
95%
Purdue
95%
Minnesota
92%
UCLA
92%
Ohio State
90%
Wisconsin
90%
Indiana
87%
Nebraska
87%
Washington
87%
No matching quizzes found
Score Distribution
Percent of People with Each Score
Percentile by Number Answered
Your Score History
You have not taken this quiz